书目信息 |
| 题名: |
EMC电磁兼容设计与测试案例分析
|
|
| 作者: | 郑军奇 编著 | |
| 分册: | ||
| 出版信息: | 北京 电子工业出版社 2019重印 |
|
| 页数: | 411页 | |
| 开本: | 26cm | |
| 丛书名: | 电磁兼容技术系列 | |
| 单 册: | ||
| 中图分类: | TN03 | |
| 科图分类: | ||
| 主题词: | 电磁兼容性--dian ci jian rong xing--设计 | |
| 电子资源: | ||
| ISBN: | 978-7-121-34293-6 | |
| 000 | 01162nam 2200277 45 | |
| 001 | 012001001375 | |
| 005 | 20191121103628.64 | |
| 010 | @a978-7-121-34293-6@dCNY98.00 | |
| 099 | @aCAL 012018096700 | |
| 100 | @a20180806d2018 em y0chiy50 ea | |
| 101 | 0 | @achi |
| 102 | @aCN@b110000 | |
| 105 | @aak z 000yy | |
| 106 | @ar | |
| 200 | 1 | @aEMC电磁兼容设计与测试案例分析@AEMC dian ci jian rong she ji yu ce shi an li fen xi@f郑军奇编著 |
| 205 | @a第3版 | |
| 210 | @a北京@c电子工业出版社@d2019重印 | |
| 215 | @a411页@c图@d26cm | |
| 225 | 2 | @a电磁兼容技术系列@Adian ci jian rong ji shu xi lie |
| 330 | @a本书以分析EMC案例分析为主线,通过案例描述分析,介绍产品设计中的EMC技术,向读者介绍产品设计有关EMC的实用设计技术与诊断技术,减少设计人员在产品的设计与EMC问题诊断中的误区。所描述的EMC案例涉及结构、屏蔽与接地、滤波与抑制、电缆、布线、连接器与接口电路、旁路、去耦与储能、PCB layout还有器件、软件与频率抖动技术各个方面。 | |
| 410 | 0 | @12001 @a电磁兼容技术系列 |
| 606 | 0 | @a电磁兼容性@Adian ci jian rong xing@x设计 |
| 690 | @aTN03@v5 | |
| 701 | 0 | @a郑军奇@Azheng jun qi@4编著 |
| 801 | 0 | @aCN@b北京卓展@c20191020 |
| 905 | @b1201817-21@dTN03@e154=3@f5 | |
| EMC电磁兼容设计与测试案例分析/郑军奇编著.-第3版.-北京:电子工业出版社,2019重印 |
| 411页:图;26cm.-(电磁兼容技术系列) |
| ISBN 978-7-121-34293-6:CNY98.00 |
| 本书以分析EMC案例分析为主线,通过案例描述分析,介绍产品设计中的EMC技术,向读者介绍产品设计有关EMC的实用设计技术与诊断技术,减少设计人员在产品的设计与EMC问题诊断中的误区。所描述的EMC案例涉及结构、屏蔽与接地、滤波与抑制、电缆、布线、连接器与接口电路、旁路、去耦与储能、PCB layout还有器件、软件与频率抖动技术各个方面。 |
| ● |
| 相关链接 |
|
|
|
|
正题名:EMC电磁兼容设计与测试案例分析
索取号:TN03/154=3
 
预约/预借
| 序号 | 登录号 | 条形码 | 馆藏地/架位号 | 状态 | 备注 |
| 1 | 1201817 | 212018172 | 第二样本阅览室/ [索取号:TN03/154=3] | 在馆 | |
| 2 | 1201818 | 212018181 | 第三借阅区/ [索取号:TN03/154=3] | 在馆 | |
| 3 | 1201819 | 212018190 | 第三借阅区/ [索取号:TN03/154=3] | 在馆 | |
| 4 | 1201820 | 212018207 | 第三借阅区/ [索取号:TN03/154=3] | 在馆 | |
| 5 | 1201821 | 212018216 | 第三借阅区/ [索取号:TN03/154=3] | 在馆 |